Statystyki dla TOP 40 najdroższych piłkarzy według Transfermarkt

Kliknij tutaj aby rozwiązać quiz!

Ogólne statystyki

  • Ten quiz został rozwiązany 6 792 razy
  • Średni wynik to 20 z 53

Statystyki odpowiedzi

HintOdpowiedź% Poprawnych
1. 200 mln € FrancjaKylian Mbappé
97%
2. 180 mln € BrazyliaNeymar Jr
97%
3. 150 mln € ArgentynaLionel Messi
96%
3. 150 mln € EgiptMohamed Salah
93%
19. 90 mln € PortugaliaCristiano Ronaldo
89%
3. 150 mln € AngliaHarry Kane
87%
10. 120 mln € SenegalSadio Mané
78%
8. 130 mln € BelgiaKevin De Bruyne
76%
3. 150 mln € BelgiaEden Hazard
70%
28. 80 mln € Korea PołudniowaHeung-Min Son
65%
7. 140 mln € AngliaRaheem Sterling
54%
11. 100 mln € FrancjaPaul Pogba
52%
35. 75 mln € BelgiaRomelu Lukaku
51%
11. 100 mln € DaniaChristian Eriksen
50%
8. 130 mln € FrancjaAntoine Griezmann
48%
19. 90 mln € HolandiaVirgil Van Dijk
48%
11. 100 mln € SłoweniaJan Oblak
46%
40. 70 mln € GabonPierre-Emerick Aubameyang
44%
11. 100 mln € FrancjaN’Golo Kanté
42%
11. 100 mln € PortugaliaBernardo Silva
38%
11. 100 mln € FrancjaOusmane Dembélé
37%
40. 70 mln € Bośnia i HercegowinaMiralem Pjanić
36%
26. 85 mln € HolandiaFrenkie De Jong
35%
11. 100 mln € NiemcyLeroy Sané
32%
26. 85 mln € ArgentynaPaulo Dybala
31%
40. 70 mln € FrancjaRaphaël Varane
28%
11. 100 mln € AngliaJadon Sancho
27%
40. 70 mln € NiemcyJoshua Kimmich
27%
28. 80 mln € AngliaMarcus Rashford
27%
35. 75 mln € SenegalKalidou Koulibaly
26%
19. 90 mln € AngliaDele Alli
25%
35. 75 mln € HolandiaMatthijs De Ligt
25%
40. 70 mln € BrazyliaEderson
23%
28. 80 mln € BrazyliaRoberto Firmino
22%
28. 80 mln € BrazyliaAlisson Becker
21%
28. 80 mln € AngliaTrent Alexander-Arnold
21%
19. 90 mln € NiemcyKai Havertz
20%
19. 90 mln € NiemcyMarc-André ter Stegen
20%
19. 90 mln € BrazyliaPhilippe Coutinho
20%
40. 70 mln € FrancjaLucas Hernández
15%
28. 80 mln € HiszpaniaRodri
15%
40. 70 mln € PortugaliaJoão Félix
14%
40. 70 mln € UrugwajJosé Maria Giménez
13%
40. 70 mln € HiszpaniaThiago
13%
35. 75 mln € WłochyMarco Veratti
11%
40. 70 mln € HiszpaniaKoke
10%
35. 75 mln € FrancjaAymeric Laporte
9%
19. 90 mln € HiszpaniaSaul Ñiguez
9%
40. 70 mln € BrazyliaVinicius Junior
9%
28. 80 mln € ArgentynaMauro Icardi
8%
40. 70 mln € BrazyliaArthur
6%
40. 70 mln € BrazyliaGabriel Jesus
6%
40. 70 mln € FrancjaAlexandre Lacazette
5%

Rozkład punktacji

Percentyl według liczby udzielonych odpowiedzi

Procent ludzi z każdym wynikiem

Twoja historia wyników

Nie rozwiązałeś tego quizu